000
00194nam a22000977a 4500
245
_a
Xam Idea Mathematics 10th
250
_a
2024
260
_b
V.K. Publicatoin
300
_a
424
942
_2
ddc
_c
SB
999
_c
9082
_d
9082